000 00578nam a22002057a 4500
005 20251108170023.0
008 250721s1986 xx 000 0 ara d
082 1 4 _a632.1/صغي
100 1 _aالصغير، منير
245 1 0 _aمعدات الرياح و الأحزمة الوراقية /
264 1 _aطرابلس (ليبيا) :
_c1986.
300 _a116ص
650 1 7 _aالزراعة
650 1 7 _aالبيئة
650 1 7 _aالرياح
650 1 7 _aإنتشار البذور
650 1 7 _aالأحوال الجوية
942 _2ddc
_cBK
999 _c37587
_d37587